000 00330 a2200157 4500
001 71549
020 _a
040 _cAnchieta - Colégio São Paulo
100 _aDude
240 1 0 _aPalavra tem par
_lpor
245 1 0 _aPalavra tem par
300 _a16
362 0 _a2001
650 4 _aLiteratura infanto-juvenil
942 _cBK
999 _c71549
_d71549